Heart Anatomy - Statistics

General Stats
  • This quiz has been taken 766 times
  • The average score is 9 of 12
Answer Stats
Answer % Correct
Aorta
92%
Left Ventricle
86%
Right Ventricle
86%
Left Atrium
85%
Right Atrium
85%
Vena Cava
73%
Mitral Valve
66%
Pulmonary Arteries
64%
Pulmonary Veins
63%
Tricuspid Valve
62%
Aortic Semilunar Valve
53%
Pulmonary Semilunar Valve
36%
No matching quizzes found
Score Distribution
Percent of People with Each Score
Percentile by Number Answered
Your Score History
You have not taken this quiz